Online
Catalog

Dialectología general e hispanoamericana : (Record no. 11439)

MARC details
000 -CABECERA
campo de control de longitud fija 01056cam a2200265 a 4500
001 - NÚMERO DE CONTROL
campo de control 000011765
005 - FECHA Y HORA DE LA ÚLTIMA TRANSACCIÓN
campo de control 20200929162545.0
008 - DATOS DE LONGITUD FIJA--INFORMACIÓN GENERAL
campo de control de longitud fija 960327s1995 ck abd b 001 0 spa
010 ## - NÚMERO DE CONTROL DE LA BIBLIOTECA DEL CONGRESO
Número de control de LC 96130308
040 ## - FUENTE DE LA CATALOGACIÓN
Centro catalogador/agencia de origen DO-SdBNP
Centro/agencia transcriptor DLC
082 ## - NÚMERO DE LA CLASIFICACIÓN DECIMAL DEWEY
Número de clasificación 417.2
Número de documento/Ítem M779d
049 ## - FONDOS LOCALES (OCLC)
Fondos de biblioteca BNGR
100 10 - ENTRADA PRINCIPAL--NOMBRE DE PERSONA
Nombre de persona Montes Giraldo, José Joaquín.
9 (RLIN) 27826
245 10 - MENCIÓN DE TÍTULO
Título Dialectología general e hispanoamericana :
Resto del título orientación teórica, metodológica y bibliográfica /
Mención de responsabilidad, etc. José Joaquín Montes Giraldo.
250 ## - MENCIÓN DE EDICIÓN
Mención de edición 3. ed. reelaborada, corr. y aum.
260 ## - PUBLICACIÓN, DISTRIBUCIÓN, ETC.
Lugar de publicación, distribución, etc. Santafé de Bogotá :
Nombre del editor, distribuidor, etc. Instituto Caro y Cuervo,
Fecha de publicación, distribución, etc. 1995.
300 ## - DESCRIPCIÓN FÍSICA
Extensión 311 p. :
Otras características físicas il., mapa, diagr. ;
Dimensiones 24 cm.
490 1# - MENCIÓN DE SERIE
Mención de serie Publicaciones del Instituto Caro y Cuervo,
Designación de volumen o secuencia 91
504 ## - NOTA DE BIBLIOGRAFÍA, ETC.
Nota de bibliografía, etc. Incluye referencias bibliográficas (p. [189] -286) y el índice.
504 ## - NOTA DE BIBLIOGRAFÍA, ETC.
Nota de bibliografía, etc. Incluye notas y referencia al pie de páginas
650 #4 - PUNTO DE ACCESO ADICIONAL DE MATERIA--TÉRMINO DE MATERIA
Término de materia o nombre geográfico como elemento de entrada Dialectología
9 (RLIN) 27827
650 #4 - PUNTO DE ACCESO ADICIONAL DE MATERIA--TÉRMINO DE MATERIA
Término de materia o nombre geográfico como elemento de entrada Español
Subdivisión general Dialectos
Subdivisión geográfica América
9 (RLIN) 18733
830 #0 - PUNTO DE ACCESO ADICIONAL DE SERIE-TÍTULO UNIFORME
Título uniforme Publicaciones del Instituto Caro y Cuervo ;
Designación de volumen o secuencia 91
9 (RLIN) 12549
910 ## - DATOS DE OPCIÓN DEL USUARIO (OCLC)
Datos de opción del usuario Catalogación por copia / LC
Holdings
Estado de retiro Estado de pérdida Restricciones de uso No para préstamo Código de colección Localización permanente Ubicación/localización actual Ubicación en estantería Fecha de adquisición Número de inventario Total de préstamos Signatura topográfica completa Código de barras Fecha visto por última vez Precio válido a partir de Tipo de ítem Koha
    Préstamo interno   Monografías: Libros y Folletos General General En catalogación 27.10.2009 LF1   417.2 M779d 11765-10 25.06.2020 25.06.2020 Préstamo interno

Powered by Koha